000 00737nam a2200265Ia 4500
003 OSt
005 20220918164025.0
006 a|||||r|||| 00| 0
007 ta
008 220917b |||||||| |||| 00| 0 eng d
020 _a0415023297 (hbk)
024 _a240,822
037 _cTextual
040 _aARTS
_cARTS
_beng
041 _2eng
_aeng
082 _aO113,2M98:g, M8
100 _aWright Elizabeth
_916713
245 0 _aPostmodern brecht
_b A representation
260 _aLondon
_bRoutledge UK
_c1988
300 _axi, 154p.
_ccm.
490 _aCritics of the twentieth century
650 _aENGLISH LITERATURE
942 _hO113,2M98:g, M8
_cTEXL
_2CC
999 _c122722
_d122722